Melany: (Registro nro. 3976)
[ vista simple ]
| 000 -LEADER | |
|---|---|
| fixed length control field | 01406nam a2200301Ia 4500 |
| 003 - CONTROL NUMBER IDENTIFIER | |
| control field | OSt |
| 005 - DATE AND TIME OF LATEST TRANSACTION | |
| control field | 20250415141758.0 |
| 008 - FIXED-LENGTH DATA ELEMENTS--GENERAL INFORMATION | |
| fixed length control field | 191128t2002 ck dr 000 f spa d |
| 020 ## - INTERNATIONAL STANDARD BOOK NUMBER | |
| International Standard Book Number | 9580464936 |
| 040 ## - CATALOGING SOURCE | |
| Original cataloging agency | CO-JMCR |
| Transcribing agency | CO-JMCR |
| 041 ## - LANGUAGE CODE | |
| Language code of text/sound track or separate title | spa |
| 082 04 - DEWEY DECIMAL CLASSIFICATION NUMBER | |
| Classification number | A-N |
| Item number | HARm |
| 100 1# - MAIN ENTRY--PERSONAL NAME | |
| Personal name | Harris, Dorothy Joan, |
| Relator term | autora |
| 9 (RLIN) | 7364 |
| 245 10 - TITLE STATEMENT | |
| Title | Melany: |
| Remainder of title | historia de una anoréxica / |
| Statement of responsibility, etc. | Dorothy Joan Harris |
| 260 ## - PUBLICATION, DISTRIBUTION, ETC. | |
| Place of publication, distribution, etc. | Bogotá : |
| Name of publisher, distributor, etc. | Norma, |
| Date of publication, distribution, etc. | ©2002. |
| 300 ## - PHYSICAL DESCRIPTION | |
| Extent | 208 Páginas ; |
| Dimensions | 21 cm. |
| 490 0# - SERIES STATEMENT | |
| Series statement | Zona libre |
| 505 0# - FORMATTED CONTENTS NOTE | |
| Formatted contents note | El casillero del cumpleaños -- ¡Urgencia hospitalaria -- Gordura de infancia -- Contando calorías -- Depre de cumpleaños -- Rutinas de almuerzo -- Comienza las batallas -- La doctora Leeman -- ¿Alguien en quien confiar? -- Louanne -- Un ataque de ira |
| 520 3# - SUMMARY, ETC. | |
| Summary, etc. | No, para nada raro - Contestó con mucha seguridad -. Tienes que pensar en algo durante todo el día, tu mente no puede estar todo el tiempo en blanco. Y pensar en comida, comidas que ya comiste o comidas que te gustaría comer o cómo preparar algo que quise |
| 534 ## - ORIGINAL VERSION NOTE | |
| Introductory phrase | Even if it kills me |
| 650 14 - SUBJECT ADDED ENTRY--TOPICAL TERM | |
| Topical term or geographic name entry element | Novela juvenil. |
| 9 (RLIN) | 7365 |
| 650 24 - SUBJECT ADDED ENTRY--TOPICAL TERM | |
| Topical term or geographic name entry element | Novela canadiense. |
| Chronological subdivision | Siglo xx |
| 9 (RLIN) | 14032 |
| 650 24 - SUBJECT ADDED ENTRY--TOPICAL TERM | |
| Topical term or geographic name entry element | Anorexia en La Literatura. |
| 9 (RLIN) | 41889 |
| 650 24 - SUBJECT ADDED ENTRY--TOPICAL TERM | |
| Topical term or geographic name entry element | Jóvenes en la literatura. |
| 9 (RLIN) | 835 |
| 650 24 - SUBJECT ADDED ENTRY--TOPICAL TERM | |
| Topical term or geographic name entry element | Vida cotidiana en la literatura. |
| 700 1# - ADDED ENTRY--PERSONAL NAME | |
| Personal name | Pombo Abondado, Juan Manuel, |
| Relator term | traductor |
| 9 (RLIN) | 7366 |
| 942 ## - ADDED ENTRY ELEMENTS (KOHA) | |
| Source of classification or shelving scheme | Dewey Decimal Classification |
| Koha item type | Books |
| Withdrawn status | Lost status | Source of classification or shelving scheme | Damaged status | Not for loan | Collection code | Home library | Current library | Date acquired | Total Checkouts | Total Renewals | Full call number | Barcode | Date last seen | Date last checked out | Copy number | Koha item type | Public note |
|---|---|---|---|---|---|---|---|---|---|---|---|---|---|---|---|---|---|
| Dewey Decimal Classification | Fiction | Biblioteca Pública José María del Castillo y Rada | Biblioteca Pública José María del Castillo y Rada | 11/28/2019 | 2 | 2 | A-N HARm | 201808937 | 09/27/2024 | 09/27/2024 | Ej.1 | Books | Exlibris : Maria Alejandra en portada. |